Normal view
MARC view
Entry Topical Term
001 - CONTROL NUMBER
- control field: 22087
003 - CONTROL NUMBER IDENTIFIER
- control field: dpl
005 - DATE AND TIME OF LATEST TRANSACTION
- control field: 20100927155930.0
008 - FIXED-LENGTH DATA ELEMENTS
- fixed length control field: 100927|||a|||||| | ||| d
040 ## - CATALOGING SOURCE
- Original cataloging agency: dpl
- Transcribing agency: dpl
150 ## - HEADING--TOPICAL TERM
- Topical term or geographic name as entry element: हिन्दी कथा साहित्य
- General subdivision:
- Geographic subdivision:
670 ## - SOURCE DATA FOUND
- Source citation: Work cat.: (dpl)31606: पालीवाल, आर.के. 22086, बांसपुर की उत्तरकथा /, 2009
670 ## - SOURCE DATA FOUND
- Source citation: Work cat.: (dpl)31606: पालीवाल, आर.के. 22086, बांसपुर की उत्तरकथा /, 2009
